[Event "Medellin Sub zt 2.3.2"]
[Site "Medellin"]
[Date "2025.04.16"]
[Round "5"]
[White "Pena De Lima, Carlos Andres"]
[Black "Alcala Vitora, Wilfredo Enrique"]
[Result "1-0"]
[WhiteElo "1758"]
[BlackElo "1963"]
[PlyCount "59"]
[EventDate "2025.04.14"]
[EventType "swiss"]
[EventRounds "9"]
[EventCountry "COL"]
[SourceTitle "CB18_2025"]
[SourceDate "2025.04.30"]
[SourceVersion "1"]
[SourceVersionDate "2025.04.30"]
[SourceQuality "1"]

1. d4 Nf6 2. Nf3 d5 3. e3 Bg4 4. h3 Bh5 5. g4 Bg6 6. Ne5 Nfd7 7. Nxg6 hxg6 8. Bg2 c6 9. b3 e5 10. dxe5 Nxe5 11. Bb2 Bb4+ 12. Nd2 Qf6 13. Kf1 Nbd7 14. Nf3 Qe7 15. Nxe5 Nxe5 16. f4 Nd7 17. Bxg7 Rg8 18. Bd4 c5 19. Bb2 Qxe3 20. Qxd5 Qxf4+ 21. Bf3 Kf8 22. Kg2 Nb6 23. Qxb7 Qd2+ 24. Kg3 c4 25. Be5 Re8 26. Rad1 Qxc2 27. Be4 Qxa2 28. Rhf1 Be7 29. Rxf7+ Kxf7 30. Bd5+ 1-0

[Event "Medellin Sub zt 2.3.2"]
[Site "Medellin"]
[Date "2025.04.14"]
[Round "1"]
[White "Pena De Lima, Carlos Andres"]
[Black "Sanchez Castellanos, German Alex"]
[Result "1/2-1/2"]
[WhiteElo "1758"]
[BlackElo "2047"]
[PlyCount "38"]
[EventDate "2025.04.14"]
[EventType "swiss"]
[EventRounds "9"]
[EventCountry "COL"]
[SourceTitle "CB18_2025"]
[SourceDate "2025.04.30"]
[SourceVersion "1"]
[SourceVersionDate "2025.04.30"]
[SourceQuality "1"]

1. d4 d5 2. Nf3 Nf6 3. e3 c5 4. b3 cxd4 5. exd4 Nc6 6. Bb2 Bg4 7. Nbd2 e6 8. Bd3 Bd6 9. 0-0 Qc7 10. h3 Bh2+ 11. Kh1 h5 12. Qe1 Bxf3 13. Nxf3 Bf4 14. Ne5 g5 15. c4 h4 16. Qe2 Nb4 17. cxd5 Nbxd5 18. Bb5+ Kf8 19. Rfe1 Kg7 1/2-1/2

[Event "Cienaga op"]
[Site "Cienaga"]
[Date "2024.12.16"]
[Round "3"]
[White "Narvaez Ramirez, Faber Alberto"]
[Black "Pena De Lima, Carlos Andres"]
[Result "1-0"]
[WhiteElo "2076"]
[BlackElo "1728"]
[PlyCount "61"]
[EventDate "2024.12.15"]
[EventType "swiss"]
[EventRounds "9"]
[EventCountry "COL"]
[SourceTitle "CB52_2024"]
[SourceDate "2024.12.25"]
[SourceVersion "1"]
[SourceVersionDate "2024.12.25"]
[SourceQuality "1"]

1. d4 Nf6 2. Nf3 e6 3. g3 b5 4. Bg2 Bb7 5. 0-0 c5 6. c3 Be7 7. Nbd2 0-0 8. Re1 d5 9. dxc5 Bxc5 10. Nb3 Bd6 11. Be3 Nbd7 12. h3 Qe7 13. Na5 Rfb8 14. Nd4 Qf8 15. Nxb5 Ba6 16. Nxd6 Qxd6 17. b4 Rc8 18. Qd2 Qc7 19. Rac1 Nb6 20. Bg5 Ne8 21. e4 h6 22. Be3 dxe4 23. Bxe4 Rd8 24. Qc2 Nd5 25. Bc5 Rab8 26. Rcd1 Nef6 27. Bg2 Rb5 28. Nb3 Rbb8 29. Rd2 Rdc8 30. Rd4 Nb6 31. Bd6 1-0

[Event "COL-ch Blitz"]
[Site "Bucaramanga"]
[Date "2024.10.27"]
[Round "6.14"]
[White "Pena De Lima, Carlos Andres"]
[Black "Hurtado Paez, Andres Jesus"]
[Result "0-1"]
[WhiteElo "1823"]
[BlackElo "1921"]
[PlyCount "146"]
[EventDate "2024.10.27"]
[EventType "swiss (blitz)"]
[EventRounds "11"]
[EventCountry "COL"]
[SourceTitle "CB44_2024"]
[Source "Chessbase"]
[SourceDate "2024.10.30"]
[SourceVersion "1"]
[SourceVersionDate "2024.10.30"]
[SourceQuality "1"]

1. d4 d5 2. Nf3 c6 3. e3 Nf6 4. Nbd2 Bf5 5. Bd3 Bxd3 6. cxd3 Nbd7 7. b3 e6 8. Bb2 Bd6 9. Ne5 0-0 10. 0-0 c5 11. f4 cxd4 12. Bxd4 Bxe5 13. fxe5 Ne8 14. Bb2 Nc7 15. e4 Nb6 16. Qf3 Rc8 17. Ba3 Qd7 18. Bxf8 Rxf8 19. Rac1 Nb5 20. exd5 Nxd5 21. Ne4 Nd4 22. Qf2 Nf5 23. g4 Nfe3 24. Nd6 Nxf1 25. Rxf1 f6 26. g5 f5 27. Qxa7 Qe7 28. h4 Qc7 29. Qd4 Qc2 30. Rf2 Qd1+ 31. Kg2 f4 32. Ne4 Ne3+ 33. Kh2 Qg4 34. Qd6 Qxh4+ 35. Kg1 Qg4+ 36. Kh2 Qh4+ 37. Kg1 Ng4 38. Qxe6+ Kh8 39. Kf1 Nxf2 40. Nxf2 Qxg5 41. Qd6 Qf5 42. Ne4 f3 43. e6 Qh3+ 44. Ke1 Qh1+ 45. Kd2 Qg2+ 46. Kc3 Rg8 47. e7 f2 48. Qe6 f1R 49. Qxg8+ Kxg8 50. e8Q+ Rf8 51. Qe6+ Kh8 52. Qd6 Rg8 53. Qd5 Qg6 54. Qxb7 Qe8 55. Qd5 Qc8+ 56. Kd2 Rf8 57. Ke3 Qb8 58. Nd6 Qb6+ 59. d4 Qc7 60. Kd3 Qe7 61. Ne4 h6 62. Qh5 Qf7 63. Qc5 Qf3+ 64. Kc4 Qf7+ 65. d5 Qf5 66. Nd6 Qf4+ 67. Kb5 Rd8 68. Qc7 Qxd6 69. Qxd6 Rxd6 70. Kc5 Rd8 71. a4 Kg8 72. Kc6 Kf7 73. d6 Ke6 0-1

[Event "COL-ch Blitz"]
[Site "Bucaramanga"]
[Date "2024.10.27"]
[Round "4.13"]
[White "Pena De Lima, Carlos Andres"]
[Black "Narvaez Ramirez, Faber Alberto"]
[Result "0-1"]
[WhiteElo "1823"]
[BlackElo "1991"]
[PlyCount "96"]
[EventDate "2024.10.27"]
[EventType "swiss (blitz)"]
[EventRounds "11"]
[EventCountry "COL"]
[SourceTitle "CB44_2024"]
[Source "Chessbase"]
[SourceDate "2024.10.30"]
[SourceVersion "1"]
[SourceVersionDate "2024.10.30"]
[SourceQuality "1"]

1. d4 Nf6 2. Nf3 e6 3. e3 b6 4. Nbd2 Bb7 5. Bd3 d6 6. 0-0 Nbd7 7. b3 a5 8. a4 e5 9. e4 g6 10. Bb2 Qe7 11. Re1 Bg7 12. Nc4 Nh5 13. dxe5 dxe5 14. Ba3 Nc5 15. Bf1 Rd8 16. Qc1 h6 17. Qe3 0-0 18. Nxa5 Ba8 19. Nc4 Nf4 20. g3 Nh5 21. a5 Qe6 22. Bxc5 bxc5 23. Qxc5 f5 24. Ncxe5 fxe4 25. Bc4 Bd5 26. Nxg6 Bxc4 27. Nxf8 Rxf8 28. Nd4 Qd5 29. Qxc4 Qxc4 30. bxc4 Bxd4 31. Rf1 Bxa1 32. Rxa1 Ra8 33. c5 Nf6 34. Ra4 Kf7 35. Kf1 Ke6 36. Ke2 Kd5 37. h3 Kxc5 38. Ke3 Kb5 39. Rd4 Rxa5 40. Kf4 Ra3 41. Kf5 Rf3+ 42. Ke5 Rxf2 43. c4+ Kc5 44. g4 e3 45. Rd1 Kxc4 46. Rc1+ Kd3 47. Rxc7 e2 48. Rc1 Kd2 0-1

[Event "Barranquilla Carnaval Cup"]
[Site "Barranquilla"]
[Date "2024.02.06"]
[Round "6"]
[White "Villafane Gomez, Jaime"]
[Black "Pena De Lima, Carlos Andres"]
[Result "1/2-1/2"]
[WhiteElo "2036"]
[BlackElo "1515"]
[PlyCount "94"]
[EventDate "2024.02.03"]
[EventType "swiss"]
[EventRounds "9"]
[EventCountry "COL"]
[SourceTitle "CBM 218 Extra"]
[Source "ChessBase"]
[SourceDate "2024.03.31"]
[SourceVersion "1"]
[SourceVersionDate "2024.03.31"]
[SourceQuality "1"]

1. e4 e5 2. Nf3 Nc6 3. d4 exd4 4. Nxd4 Nf6 5. Nxc6 bxc6 6. e5 Nd5 7. c4 Nb6 8. Bd3 d5 9. exd6 cxd6 10. 0-0 Be7 11. Qc2 h6 12. Re1 0-0 13. Nc3 Be6 14. Bf4 Re8 15. Rad1 Bf8 16. c5 Nd5 17. Nxd5 Bxd5 18. Rxe8 Qxe8 19. cxd6 Rd8 20. Qc5 Qd7 21. h3 Bxd6 22. Bxd6 Qxd6 23. Qxa7 Qe5 24. Bc4 Qxb2 25. Bxd5 cxd5 26. Rxd5 Qb1+ 27. Kh2 Re8 28. Qd7 Re2 29. Rd2 Re1 30. Qc8+ Kh7 31. Qc2+ Qxc2 32. Rxc2 Ra1 33. Kg3 Kg6 34. Kf4 Kf6 35. h4 Ke6 36. Rd2 Rb1 37. g3 Rb5 38. Ke4 g5 39. hxg5 hxg5 40. g4 Rb4+ 41. Kf3 Rc4 42. Rb2 Ra4 43. Kg3 Ra6 44. f3 f5 45. gxf5+ Kxf5 46. Rb5+ Kf6 47. Rb2 Kf5 1/2-1/2

[Event "Barranquilla Carnaval Cup"]
[Site "Barranquilla"]
[Date "2024.02.04"]
[Round "3"]
[White "Pena De Lima, Carlos Andres"]
[Black "Anillo Trespalacios, Daniel David"]
[Result "1-0"]
[WhiteElo "1515"]
[BlackElo "1458"]
[PlyCount "65"]
[EventDate "2024.02.03"]
[EventType "swiss"]
[EventRounds "9"]
[EventCountry "COL"]
[SourceTitle "CBM 218 Extra"]
[Source "ChessBase"]
[SourceDate "2024.03.31"]
[SourceVersion "1"]
[SourceVersionDate "2024.03.31"]
[SourceQuality "1"]

1. g4 d5 2. Bg2 e5 3. c4 c6 4. cxd5 cxd5 5. Qb3 Ne7 6. Nc3 Nbc6 7. Bxd5 Nxd5 8. Qxd5 Qxd5 9. Nxd5 Bd6 10. h3 Be6 11. Nc3 Nb4 12. Kd1 0-0 13. e3 Nc6 14. Nf3 h6 15. b3 f5 16. g5 e4 17. Nd4 Nxd4 18. exd4 hxg5 19. Rg1 Be7 20. d5 Bd7 21. d3 Bf6 22. Bb2 Rac8 23. Kd2 exd3 24. Kxd3 f4 25. Rac1 Bxh3 26. Ba3 Rfd8 27. d6 Rxc3+ 28. Rxc3 Bxc3 29. Kxc3 g4 30. Kd4 f3 31. Ke5 g5 32. Bc1 Kf7 33. Bxg5 1-0

[Event "COL-ch U20"]
[Site "Cali"]
[Date "2023.06.24"]
[Round "4"]
[White "Pena De Lima, Carlos Andres"]
[Black "Aguirre Aldana, Joan Sebastian"]
[Result "1-0"]
[WhiteElo "1451"]
[BlackElo "1538"]
[PlyCount "83"]
[EventDate "2023.06.22"]
[EventType "swiss"]
[EventRounds "7"]
[EventCountry "COL"]
[SourceTitle "CBM 214 Extra"]
[Source "ChessBase"]
[SourceDate "2023.07.31"]
[SourceVersion "1"]
[SourceVersionDate "2023.07.31"]
[SourceQuality "1"]

1. d4 Nf6 2. Nc3 d5 3. Bf4 Bf5 4. e3 e6 5. a3 a6 6. Nf3 h6 7. Bd3 Ne4 8. Bxe4 Bxe4 9. Nxe4 dxe4 10. Ne5 Nd7 11. Qg4 Nf6 12. Qe2 g5 13. Bg3 Bg7 14. h4 Qe7 15. Qc4 Nd5 16. Nc6 Qd7 17. Na5 b5 18. Qe2 Nb6 19. Qg4 Qd5 20. Bxc7 Na4 21. hxg5 hxg5 22. Rxh8+ Bxh8 23. Qh5 Ke7 24. b3 Bf6 25. Be5 Bxe5 26. dxe5 Rg8 27. Rd1 Qc5 28. Rd7+ Kxd7 29. Qxf7+ Qe7 30. Qxg8 Nc3 31. b4 Nd5 32. Qb8 Nc7 33. Qb6 Qh7 34. Qd6+ Ke8 35. Nc6 Qd7 36. Nb8 Qe7 37. Qc6+ Kf7 38. Qxe4 Kg7 39. Nc6 Qd7 40. Nd4 Nd5 41. Qg4 Nc3 42. Nxe6+ 1-0

[Event "COL-ch"]
[Site "Cartagena"]
[Date "2023.06.12"]
[Round "9"]
[White "Pena De Lima, Carlos Andres"]
[Black "Mercado Florez, Diego Armando"]
[Result "1-0"]
[WhiteElo "1451"]
[BlackElo "1026"]
[PlyCount "45"]
[EventDate "2023.06.08"]
[EventType "swiss"]
[EventRounds "9"]
[EventCountry "COL"]
[SourceTitle "CBM 215 Extra"]
[Source "ChessBase"]
[SourceDate "2023.09.30"]
[SourceVersion "1"]
[SourceVersionDate "2023.09.30"]
[SourceQuality "1"]

1. d4 d5 2. Nf3 Nf6 3. e3 e6 4. Bd3 b6 5. b3 Bd6 6. Bb2 Bb7 7. Nbd2 c5 8. Ne5 Nbd7 9. f4 Qc7 10. 0-0 0-0 11. Qe2 Bxe5 12. fxe5 Ne4 13. Bxe4 dxe4 14. Nc4 cxd4 15. exd4 f6 16. Nd6 Qc6 17. c4 fxe5 18. dxe5 Qc5+ 19. Kh1 Bc6 20. Qg4 Nxe5 21. Qxe6+ Kh8 22. Bxe5 e3 23. Rf7 1-0

[Event "COL-ch"]
[Site "Cartagena"]
[Date "2023.06.10"]
[Round "6"]
[White "Strusberg Crespo, Caleb Joshua"]
[Black "Pena De Lima, Carlos Andres"]
[Result "0-1"]
[WhiteElo "1528"]
[BlackElo "1451"]
[PlyCount "31"]
[EventDate "2023.06.08"]
[EventType "swiss"]
[EventRounds "9"]
[EventCountry "COL"]
[SourceTitle "CBM 215 Extra"]
[Source "ChessBase"]
[SourceDate "2023.09.30"]
[SourceVersion "1"]
[SourceVersionDate "2023.09.30"]
[SourceQuality "1"]

1. e4 Nf6 2. Nc3 d6 3. d4 g6 4. b3 Bg7 5. Bb2 a5 6. a4 0-0 7. Nf3 Nc6 8. Be2 Bg4 9. h3 Bxf3 10. Bxf3 Nd7 11. Ne2 e5 12. dxe5 Ndxe5 13. Nc3 Qg5 14. 0-0 Nd4 15. Kh1 Nexf3 16. gxf3 0-1

[Event "COL-ch"]
[Site "Cartagena"]
[Date "2023.06.08"]
[Round "2"]
[White "Mo Chen, Orlando"]
[Black "Pena De Lima, Carlos Andres"]
[Result "0-1"]
[WhiteElo "1600"]
[BlackElo "1451"]
[PlyCount "38"]
[EventDate "2023.06.08"]
[EventType "swiss"]
[EventRounds "9"]
[EventCountry "COL"]
[SourceTitle "CBM 215 Extra"]
[Source "ChessBase"]
[SourceDate "2023.09.30"]
[SourceVersion "1"]
[SourceVersionDate "2023.09.30"]
[SourceQuality "1"]

1. e4 e5 2. Nf3 Nc6 3. Bb5 f5 4. d3 fxe4 5. dxe4 Nf6 6. 0-0 Bc5 7. Nc3 d6 8. h3 0-0 9. Bc4+ Kh8 10. Bg5 Ne7 11. Qd2 Ng6 12. Rad1 Bb6 13. Rfe1 Qe8 14. Bxf6 Rxf6 15. Nd5 Rxf3 16. gxf3 Nh4 17. Re3 Bxh3 18. Kh2 Qh5 19. Kg3 Nxf3 0-1

[Event "COL-ch"]
[Site "Cartagena"]
[Date "2023.06.08"]
[Round "1"]
[White "Pena De Lima, Carlos Andres"]
[Black "Rivera, Ingris"]
[Result "0-1"]
[WhiteElo "1451"]
[BlackElo "2239"]
[PlyCount "48"]
[EventDate "2023.06.08"]
[EventType "swiss"]
[EventRounds "9"]
[EventCountry "COL"]
[SourceTitle "CBM 215 Extra"]
[Source "ChessBase"]
[SourceDate "2023.09.30"]
[SourceVersion "1"]
[SourceVersionDate "2023.09.30"]
[SourceQuality "1"]

1. d4 Nf6 2. Nf3 g6 3. e3 Bg7 4. b3 0-0 5. Bb2 d6 6. Nbd2 c5 7. Be2 Nc6 8. c4 Bf5 9. a3 a5 10. 0-0 a4 11. d5 Nb8 12. b4 b5 13. Nh4 Bd7 14. e4 cxb4 15. axb4 bxc4 16. Bxc4 Qb6 17. Bc3 Rc8 18. Qe2 Nxe4 19. Nxe4 Bxc3 20. Nxc3 Qxb4 21. Qxe7 Rxc4 22. Nf3 Qxc3 23. Ng5 Rf4 24. Qd8+ Kg7 0-1

[Event "COL-ch U20"]
[Site "Barranquilla"]
[Date "2022.07.09"]
[Round "6"]
[White "Pena De Lima, Carlos Andres"]
[Black "Balza Gil, Salvatore"]
[Result "1-0"]
[WhiteElo "1455"]
[BlackElo "1033"]
[PlyCount "34"]
[EventDate "2022.07.06"]
[EventType "swiss"]
[EventRounds "9"]
[EventCountry "COL"]
[SourceTitle "EXT 2023"]
[Source "ChessBase"]
[SourceDate "2022.10.05"]
[SourceVersion "1"]
[SourceVersionDate "2022.10.05"]
[SourceQuality "1"]

1. d4 d5 2. Nf3 Nc6 3. e3 Bf5 4. b3 g6 5. Bb2 e6 6. a3 Bg7 7. Nbd2 Qe7 8. c4 Rd8 9. Be2 e5 10. cxd5 Rxd5 11. Bc4 Rd7 12. e4 Be6 13. d5 Nd8 14. dxe6 Nxe6 15. Bxe6 Qxe6 16. Qe2 Nh6 17. 0-0 f5 1-0

[Event "COL Intercollegiate-ch"]
[Site "Manizales"]
[Date "2022.04.29"]
[Round "7.8"]
[White "Pena De Lima, Carlos Andres"]
[Black "Malagon Guzman, Juan Daniel"]
[Result "0-1"]
[WhiteElo "1465"]
[BlackElo "1593"]
[PlyCount "54"]
[EventDate "2022.04.26"]
[EventType "swiss"]
[EventRounds "7"]
[EventCountry "COL"]
[SourceTitle "EXT 2023"]
[Source "ChessBase"]
[SourceDate "2022.10.05"]
[SourceVersion "1"]
[SourceVersionDate "2022.10.05"]
[SourceQuality "1"]

1. d4 d5 2. Nf3 Nf6 3. e3 c5 4. b3 Nc6 5. Bb2 Bf5 6. Be2 e6 7. a3 Bd6 8. 0-0 0-0 9. Ne5 cxd4 10. exd4 Rc8 11. c4 Bb8 12. Re1 dxc4 13. Nxc6 Rxc6 14. bxc4 Qd6 15. g3 h5 16. c5 Qc7 17. Bxh5 Nxh5 18. Qxh5 b6 19. Bc3 bxc5 20. dxc5 Rxc5 21. Bb4 Rc1 22. Nd2 Rxa1 23. Rxa1 Rd8 24. Nb3 Qc2 25. Nc5 Rd5 26. Qg5 a5 27. Rc1 Rd1+ 0-1